Quality of statistical data (Record no. 23121)

MARC details
000 -LEADER
fixed length control field 00254nam a2200109Ia 4500
082 ## - DEWEY DECIMAL CLASSIFICATION NUMBER
Item number zar
100 ## - MAIN ENTRY--AUTHOR NAME
Personal name Zarkovich, S S
245 #0 - TITLE STATEMENT
Title Quality of statistical data
260 ## - PUBLICATION, DISTRIBUTION, ETC. (IMPRINT)
Place of publication Rome
Name of publisher FAO
Year of publication 1966
942 ## - ADDED ENTRY ELEMENTS (KOHA)
Koha item type Books
Holdings
Withdrawn status Lost status Damaged status Not for loan Home library Current library Date acquired Cost, normal purchase price Full call number Accession Number Koha item type
        RRII Library RRII Library 16/12/2021 6.00 zar 03823 Books